| 000 | 00793nam a22002417a 4500 | ||
|---|---|---|---|
| 003 | dpl | ||
| 005 | 20180801131819.0 | ||
| 008 | 180801b xxu||||| |||| 00| 0 eng d | ||
| 010 | _aA-940391 | ||
| 020 |
_c300.00 _a8176260142 |
||
| 035 | _aA-940391, A-940395 | ||
| 037 | _bCen Lib/Ret | ||
| 040 |
_aDPL _bEN _c0 |
||
| 082 |
_a338.95452 _bPEO |
||
| 245 |
_aPeople's power in practice : _cedited by jyoti Basu... [et al.] _b20 years of left front in west Bengal / |
||
| 260 |
_aCalcutta _bNational book agency _c1997 |
||
| 270 |
_bCalcutta _a12 Bankim chatterjee street _e700073 |
||
| 300 |
_axL,261p. _c23cm(Hb) |
||
| 650 |
_aPeople's power _940545 |
||
| 650 |
_aLand reforms _zWest Bengal _940546 |
||
| 700 |
_aBasu, Jyoti _912673 |
||
| 942 |
_2ddc _cEN _h338.95452 _mPEO |
||
| 999 |
_c134372 _d134372 |
||